000 00640nas a2200229 4500
001 BR9205685
003 BR-BrBNA
005 20231205100423.0
007 ta
008 230509b bl.|||p| |||| 00| 00por d
040 _aBR-BrBNA
_bpor
_cBiblioteca Nacional de Agricultura
041 _a(Pt)
072 _aL73
100 1 _aAnon.
245 1 _aSobre leucose, pouco se sabe; muito se especula
650 _aMarek
650 _aGalinha
650 _aLeucose
773 0 _tAgricultura e Pecuaria (Brazil)
_xISSN 0100-249X
_g(May 1969), (no. 538) p. 10-11
_wBR9205685
909 _a202311
_bLúcia
_c55
_dLúcia Elande
942 _2AGRIS
_n0
_cANA
999 _c155909
_d155909